01367nam a2200325 a 4500001001000000003000500010005001700015008004100032010001100073011001100084040000900095090001000104100004700114245016500161260004100326500006000367502012000427590004000547590004000587650004000627650004200667650004400709650004500753856007000798901000700868942001000875942000600885999001900891952013100910000115257CHAP20220329144526.0190122s2018 mx sm |||||||spa d a111718 a112690 cCHAP aTesis1 aHernández Hernández, Gabriela.913044210aCaracterización de sistemas de producción caprina de bajos insumos en la Región del Bajío, Méxicoh[En línea]cpor Gabriela Hernández Hernández. aChapingo, Méx. :bEl autor,c2018. aPara ver el contenido del material haga clic en la liga aTesis (M. C. en Innovación Ganadera) -- UACH. Departamento de Enseñanza Investigación y Servicio en Zootecnia aE5765TAJb05c20190122lUCH01h0911 aE5765TAJb05c20190122lUCH01h091214aGanado cabríoxGenética.94501314aGanado cabríoxProducción.94503814aGanado cabríoxReproducción.94504314aSistemas de producción animal.9106771 aFinding aiduhttp://10.13.5.2/tesis/sist115257.pdfzTeclea aquí aBK cTESIS n0 c111718d111718 00104054718TESISaBCbBCd2019-01-22fTESISl0oTesisp115265-10r2019-12-31 00:00:00w2019-12-31yTESISzRecien adquirido